000 01116nam a22002297a 4500
999 _c6435
_d6435
003 GBCCL
005 20241126110603.0
008 180514b ||||| |||| 00| 0 eng d
040 _cGBC
082 _a225.77
_bBAR
100 _aBarclay, William
_98475
245 _aThe Daily Study Bible
_cWilliam Barclay
250 _aRev. ed
260 _aPhiladelphia, Pa. :
_bWestminster Press,
_c1977, ©1975.
300 _a17 volumes ; 19 cm.
440 _aDaily Study Bible Series.
_97977
505 _aMatthew, Vol. 1 (Chapters 1-10)--Matthew, Vol. 2 (Chapters 11-28)--Mark--Luke--John, Vol. 1 (Chapters 1-7)--John, Vol. 2 (Chapters 8-21)--Acts--Romans--Corinthians--Galatians and Ephesians-- Philippians, Colossians, Thessalonians-- Timothy, Titus, Philemon--Hebrews--James and Peter--The Epistles of John and Jude--Revelation, Vol. 1 (Chapters 1-5)--Revelation, Vol. 2 (Chapters 6-22)--Index Volume--New Testament Words.
650 _aBible. -- New Testament. -- Barclay,
_911531
650 _a Bible. -- New Testament -- Commentaries.
_911414
650 _aBible. -- New Testament.
_910931
942 _2ddc
_cBK
_019